Statistics for Top 25 Alabama Municipalities By Population (2020)

Click here to take the quiz!

General Stats

  • This quiz has been taken 7 times
  • The average score is 11 of 25

Answer Stats

StatusPopulationAnswer% Correct
City200,733Birmingham
100%
City215,006Huntsville
86%
City187,041Mobile
86%
City200,603Montgomery
86%
City99,600Tuscaloosa
71%
City76,143Auburn
57%
City57,938Decatur
57%
City71,072Dothan
43%
City40,184Florence
43%
City92,606Hoover
43%
City56,933Madison
43%
City30,995Opelika
43%
City38,816Phenix City
43%
City37,781Prattville
43%
City25,406Athens
29%
City26,019Bessemer
29%
City27,462Daphne
29%
City28,711Enterprise
29%
City33,945Gadsden
29%
City26,414Homewood
29%
City24,318Pelham
29%
City26,123Trussville
29%
City39,102Vestavia Hills
29%
City33,284Alabaster
14%
City31,125Northport
14%

Score Distribution

Percentile by Number Answered

Percent of People with Each Score

Your Score History

You have not taken this quiz